ロード中...
Thomas Becket of canterbury /
| 第一著者: | |
|---|---|
| 言語: | Undetermined |
| 出版事項: |
1967
|
| 版: | 2nd ed. |
| LEADER | 00396nam a2200133Ia 4500 | ||
|---|---|---|---|
| 001 | 73617 | ||
| 008 | 170722s9999 xx 000 0 und d | ||
| 100 | |a Duggan, Alfred | ||
| 245 | |a Thomas Becket of canterbury / | ||
| 250 | |a 2nd ed. | ||
| 260 | |c 1967 | ||
| 942 | |c GEN | ||
| 999 | |c 2320 |d 2320 | ||
| 952 | |0 0 |1 0 |4 0 |6 Q_6621WF18_K7_GB |7 0 |9 2657 |a LIB |b LIB |d 2017-08-12 |o Q6:621wF18 K7 (GB) |p 117089 |r 2017-08-12 |w 2017-08-12 |y GEN | ||